000 00767nam a2200253 a 4500
008
020 _a8120407032 (hbk.)
049 _aMAIN
090 _aS494.5.A45DWI
100 1 _aDwivedi, A.P.
245 1 0 _aAgroforestry, principles and practices /
_cA.P. Dwivedi.
260 _aNew Delhi :
_bOxford & IBH Pub. Co. ,
_cc1992.
300 _axiii, 365 p., [15] p. of plates :
_bill. ;
_c24 cm.
520 _aWith reference to India.
504 _aIncludes bibliographical references.
500 _aIncludes index.
650 0 _aAgroforestry.
650 0 _aAgroforestry
_zIndia.
907 _a.b10166130
_b07-05-12
_c23-06-05
003
005 20230123134022.0
040 _cNUST
942 _cBOOKS
_kS494.5.A45DWI
999 _c158616
_d158616